Jigsaw One (Record no. 61)
[ view plain ]
| 000 -CABECERA | |
|---|---|
| campo de control de longitud fija | 00425cam a22001812a 4500 |
| 001 - NÚMERO DE CONTROL | |
| campo de control | 000049 |
| 003 - IDENTIFICADOR DEL NÚMERO DE CONTROL | |
| campo de control | AR-FADEU |
| 008 - DATOS DE LONGITUD FIJA--INFORMACIÓN GENERAL | |
| campo de control de longitud fija | 311216n1979####xxu####################dd |
| 100 ## - ENTRADA PRINCIPAL--NOMBRE DE PERSONA | |
| Nombre de persona | Abbs, Brian |
| 245 ## - MENCIÓN DE TÍTULO | |
| Título | Jigsaw One |
| 260 ## - PUBLICACIÓN, DISTRIBUCIÓN, ETC. (PIE DE IMPRENTA) | |
| Lugar de publicación, distribución, etc. | London |
| 260 ## - PUBLICACIÓN, DISTRIBUCIÓN, ETC. (PIE DE IMPRENTA) | |
| Nombre del editor, distribuidor, etc. | MGP |
| 260 ## - PUBLICACIÓN, DISTRIBUCIÓN, ETC. (PIE DE IMPRENTA) | |
| Fecha de publicación, distribución, etc. | 1979 |
| 546 ## - NOTA DE LENGUA/LENGUAJE | |
| Nota de lengua/lenguaje | Inglés |
| 500 ## - NOTA GENERAL | |
| Nota general | La Biblioteca posee además: Libro de Texto |
| 650 ## - PUNTO DE ACCESO ADICIONAL DE MATERIA--TÉRMINO DE MATERIA | |
| Término de materia o nombre geográfico como elemento inicial | LENGUA INGLESA-ESTUDIO Y ENSEÑANZA |
| 942 ## - ELEMENTOS DE PUNTO DE ACCESO ADICIONAL (KOHA) | |
| Tipo de ítem Koha | AUDIO |
| Estado de retiro | Estado de pérdida | Estado dañado | No para préstamo | Localización permanente | Ubicación/localización actual | Fecha de adquisición | Número de inventario | Total de préstamos | Código de barras | Fecha visto por última vez | Precio válido a partir de | Tipo de ítem Koha |
|---|---|---|---|---|---|---|---|---|---|---|---|---|
| Biblioteca Ernesto Sabato - FADECS - UNCOMA | Biblioteca Ernesto Sabato - FADECS - UNCOMA | 27/12/2016 | A141 | A141 | 27/12/2016 | 27/12/2016 | AUDIO | |||||
| Biblioteca Ernesto Sabato - FADECS - UNCOMA | Biblioteca Ernesto Sabato - FADECS - UNCOMA | 27/12/2016 | A142 | A142 | 27/12/2016 | 27/12/2016 | AUDIO | |||||
| Biblioteca Ernesto Sabato - FADECS - UNCOMA | Biblioteca Ernesto Sabato - FADECS - UNCOMA | 27/12/2016 | A143 | A143 | 27/12/2016 | 27/12/2016 | AUDIO | |||||
| Biblioteca Ernesto Sabato - FADECS - UNCOMA | Biblioteca Ernesto Sabato - FADECS - UNCOMA | 27/12/2016 | A144 | A144 | 27/12/2016 | 27/12/2016 | AUDIO | |||||
| Biblioteca Ernesto Sabato - FADECS - UNCOMA | Biblioteca Ernesto Sabato - FADECS - UNCOMA | 27/12/2016 | A145 | A145 | 27/12/2016 | 27/12/2016 | AUDIO |